00262nam a2200097Ia 4500008004100000100002700041245004000068260003300108300000900141650001400150190216s9999||||xx |||||||||||||| ||und|| aThunjathu Ezhuthachan 0aRugmaniswayamvaram (krishana Gatha) bLilly Publishing Housec1971 a102p aKavithkal